| 000 | 00839nam a22002057a 4500 | ||
|---|---|---|---|
| 005 | 20130618163754.0 | ||
| 010 | _aU-7021 | ||
| 020 | _a9788182236448 | ||
| 035 | _aUR-8466 | ||
| 037 | _bDBAD/PUB | ||
| 082 | _a840.54 | ||
| 100 | _a ڈ ا کٹر عشر ت آ ر اء سلطا نہ | ||
| 245 |
_a ا رد و ا د ب کی تا ر يخ مين نا لند ہ ضلع کی خد ما ت ا بتد ہ ءتا 2000ء _cڈ ا کٹر عشر ت آ ر اء سلطا نہ |
||
| 246 |
_aUrdu Adab ki Tareekh mai Nalanda Zila ki Khidmaat _bby Dr. Ishrat Ara Sultana |
||
| 260 |
_aDelhi _bEducational Publishing House _c2010 |
||
| 270 |
_a3108-Vakil street ,Kucha Pandit,Lal Kuan _b Delhi _e110006 _k23216162,23214465 |
||
| 300 |
_a424+48ص _b22 cm |
||
| 700 | _dEdited by Chanchal Singh Cheema | ||
| 942 |
_2ddc _cUR _h840.54 _mا ش ر |
||
| 999 |
_c76754 _d76754 |
||